000 00865nas a2200277 4500
001 BR0806716
003 BR-BrBNA
005 20231205112208.0
007 ta
008 230509b bl.|||p| |||| 00| 00por d
040 _aBR-BrBNA
_bpor
_cBiblioteca Nacional de Agricultura
041 _a(Pt)
072 _aF01
100 1 _aRosa, S.R.A. da
100 1 _aCastro, T. de A.P. e
100 1 _aOliveira, I.P. de
245 1 _aAnálise de crescimento em capim-tanzânia nos sistemas de plantio solteiro e consórcio com leguminosas
650 _aÁREA FOLIAR
650 _aCAPIM COLONIÃO
650 _aSTILOSANTE
650 _aPLANTIO
650 _aTAXA DE CRESCIMENTO
773 0 _tCiência Animal Brasileira (Brazil)
_xISSN 1518-2797
_g(Apr-Jun 2007), v. 8(2) p. 251-260
_wBR0806716
909 _a202311
_bLúcia
_c55
_dLúcia Elande
942 _2AGRIS
_n0
_cANA
999 _c196651
_d196651